[Event "WYCC Open U12"]
[Site "Porto Carras"]
[Date "2015.11.01"]
[Round "7.2"]
[White "Niemann, Hans M"]
[Black "Firouzja, Alireza"]
[Result "0-1"]
[BlackElo "2364"]
[WhiteElo "2046"]
[LiveChessVersion "1.4.6"]

1. d4 {[%clk 1:30:55]} Nf6 {[%clk 1:30:53]} 2. c4 {[%clk 1:31:20]} g6
{[%clk 1:31:18]} 3. f3 {[%clk 1:31:45]} e5 {[%clk 1:29:47]} 4. dxe5
{[%clk 1:30:53]} Nh5 {[%clk 1:30:12]} 5. f4 {[%clk 1:29:02]} Qh4+
{[%clk 1:30:01]} 6. g3 {[%clk 1:28:59]} Nxg3 {[%clk 1:30:01]} 7. Nf3
{[%clk 1:29:08]} Qh5 {[%clk 1:30:20]} 8. hxg3 {[%clk 1:27:32]} Qxh1
{[%clk 1:30:32]} 9. Nc3 {[%clk 1:27:59]} d6 {[%clk 1:18:56]} 10. Be3
{[%clk 1:26:18]} Bh3 {[%clk 1:17:33]} 11. Qa4+ {[%clk 1:25:50]} Nc6
{[%clk 1:04:58]} 12. Kf2 {[%clk 1:23:25]} Be7 {[%clk 0:59:41]} 13. b4
{[%clk 1:16:31]} dxe5 {[%clk 0:49:47]} 14. fxe5 {[%clk 1:10:08]} O-O
{[%clk 0:45:32]} 15. Nd5 {[%clk 1:08:12]} Bd8 {[%clk 0:38:47]} 16. Rd1
{[%clk 0:38:01]} Nxe5 {[%clk 0:30:16]} 17. Bxh3 {[%clk 0:36:18]} Qxh3
{[%clk 0:30:29]} 18. Nxe5 {[%clk 0:36:36]} Qh2+ {[%clk 0:30:52]} 19. Kf1
{[%clk 0:36:42]} c6 {[%clk 0:29:59]} 20. Nf4 {[%clk 0:35:01]} Re8
{[%clk 0:28:57]} 21. Nf3 {[%clk 0:34:00]} Qxg3 {[%clk 0:29:04]} 22. Ng2
{[%clk 0:33:19]} Bf6 {[%clk 0:19:42]} 23. Qc2 {[%clk 0:30:26]} a5
{[%clk 0:19:17]} 24. a3 {[%clk 0:22:22]} axb4 {[%clk 0:19:08]} 25. axb4
{[%clk 0:22:08]} Ra3 {[%clk 0:19:14]} 26. Rd3 {[%clk 0:21:59]} Ra1+
{[%clk 0:19:36]} 27. Rd1 {[%clk 0:21:55]} Rea8 {[%clk 0:19:35]} 28. Bf4
{[%clk 0:20:13]} Qg4 {[%clk 0:18:46]} 29. Kf2 {[%clk 0:17:49]} h5
{[%clk 0:15:47]} 30. Rxa1 {[%clk 0:16:13]} Rxa1 {[%clk 0:15:55]} 31. Qe4
{[%clk 0:16:37]} Ra8 {[%clk 0:14:29]} 32. b5 {[%clk 0:16:42]} Rc8
{[%clk 0:14:15]} 33. Ne3 {[%clk 0:13:18]} Qd7 {[%clk 0:13:36]} 34. Be5
{[%clk 0:13:18]} Bxe5 {[%clk 0:11:52]} 35. Qxe5 {[%clk 0:12:54]} Re8
{[%clk 0:11:44]} 36. Qf6 {[%clk 0:11:31]} Re6 {[%clk 0:07:14]} 37. Qg5
{[%clk 0:11:29]} Re4 {[%clk 0:04:44]} 38. Qh6 {[%clk 0:08:43]} Qe7
{[%clk 0:04:02]} 39. Qg5 {[%clk 0:08:13]} Qe6 {[%clk 0:03:48]} 40. Qd8+
{[%clk 0:36:38]} Kg7 {[%clk 0:34:13]} 41. Qg5 {[%clk 0:36:08]} f6
{[%clk 0:32:43]} 42. Qc5 {[%clk 0:34:41]} Qd7 {[%clk 0:25:20]} 43. Nc2
{[%clk 0:32:45]} cxb5 {[%clk 0:25:35]} 44. cxb5 {[%clk 0:32:59]} h4
{[%clk 0:24:21]} 45. b6 {[%clk 0:32:03]} g5 {[%clk 0:21:56]} 46. Ncd4
{[%clk 0:31:17]} Kg6 {[%clk 0:18:47]} 47. Qc4 {[%clk 0:27:47]} Kh5
{[%clk 0:17:47]} 48. Qc7 {[%clk 0:26:26]} Rxd4 {[%clk 0:17:44]} 49. Nxd4
{[%clk 0:26:50]} Qxd4+ {[%clk 0:18:10]} 50. e3 {[%clk 0:27:14]} Qd5
{[%clk 0:17:33]} 51. Qg7 {[%clk 0:27:15]} f5 {[%clk 0:17:11]} 52. Qc3
{[%clk 0:26:44]} Kg4 {[%clk 0:17:22]} 53. Qb4+ {[%clk 0:26:56]} Qe4
{[%clk 0:17:45]} 54. Qd6 {[%clk 0:27:14]} Qf3+ {[%clk 0:18:06]} 55. Kg1
{[%clk 0:27:38]} Qg3+ {[%clk 0:18:33]} 0-1

[Event "WYCC Open U12"]
[Site "Porto Carras"]
[Date "2015.11.01"]
[Round "7.3"]
[White "Stoyanov, Tsvetan"]
[Black "Nihal, Sarin"]
[Result "1/2-1/2"]
[BlackElo "2096"]
[WhiteElo "2176"]
[LiveChessVersion "1.4.6"]

1. e4 {[%clk 1:30:56]} c5 {[%clk 1:30:48]} 2. Nc3 {[%clk 1:31:04]} Nc6
{[%clk 1:31:13]} 3. f4 {[%clk 1:31:25]} g6 {[%clk 1:31:38]} 4. Nf3
{[%clk 1:31:32]} Bg7 {[%clk 1:32:02]} 5. Bb5 {[%clk 1:31:37]} Nd4
{[%clk 1:31:56]} 6. Bc4 {[%clk 1:31:10]} e6 {[%clk 1:22:00]} 7. O-O
{[%clk 1:26:56]} Ne7 {[%clk 1:22:19]} 8. e5 {[%clk 1:25:11]} Nxf3+
{[%clk 1:00:02]} 9. Qxf3 {[%clk 1:23:43]} d5 {[%clk 1:00:18]} 10. exd6
{[%clk 1:21:51]} Qxd6 {[%clk 0:59:54]} 11. d3 {[%clk 1:19:21]} Rb8
{[%clk 0:33:49]} 12. Ne4 {[%clk 1:13:43]} Qc7 {[%clk 0:29:45]} 13. Bb5+
{[%clk 1:13:09]} Kf8 {[%clk 0:27:16]} 14. c3 {[%clk 1:01:23]} b6 {[%clk 0:22:40]}
15. Bd2 {[%clk 0:56:49]} f5 {[%clk 0:17:59]} 16. Ng5 {[%clk 0:53:19]} h6
{[%clk 0:17:52]} 17. Nh3 {[%clk 0:53:33]} Kf7 {[%clk 0:18:03]} 18. Rae1
{[%clk 0:51:05]} Bb7 {[%clk 0:14:08]} 19. Qe2 {[%clk 0:51:06]} Qd6
{[%clk 0:14:28]} 20. Nf2 {[%clk 0:48:26]} Bc6 {[%clk 0:12:40]} 21. Bxc6
{[%clk 0:42:09]} Nxc6 {[%clk 0:12:00]} 22. Qf3 {[%clk 0:40:58]} Qd5
{[%clk 0:07:53]} 23. Re3 {[%clk 0:37:45]} Qxf3 {[%clk 0:07:40]} 24. Rxf3
{[%clk 0:37:20]} Rbd8 {[%clk 0:07:55]} 25. Bc1 Rd7 {[%clk 0:07:11]} 26. h3
{[%clk 0:31:43]} Bf6 {[%clk 0:07:09]} 27. Re1 {[%clk 0:25:04]} Re8
{[%clk 0:05:59]} 28. Kf1 {[%clk 0:25:04]} Rde7 {[%clk 0:05:12]} 1/2-1/2

[Event "WYCC Open U12"]
[Site "Porto Carras"]
[Date "2015.11.01"]
[Round "7.4"]
[White "Hong, Andrew Z"]
[Black "Gharibyan, Mamikon"]
[Result "1-0"]
[BlackElo "2106"]
[WhiteElo "2136"]
[LiveChessVersion "1.4.6"]

1. e4 {[%clk 1:30:57]} c5 {[%clk 1:30:55]} 2. Nf3 {[%clk 1:31:16]} d6
{[%clk 1:31:19]} 3. d4 {[%clk 1:31:40]} cxd4 {[%clk 1:31:45]} 4. Nxd4
{[%clk 1:32:01]} Nf6 {[%clk 1:32:10]} 5. Nc3 {[%clk 1:32:17]} a6 {[%clk 1:32:34]}
6. h3 {[%clk 1:32:30]} e6 {[%clk 1:31:32]} 7. g4 {[%clk 1:32:33]} Be7
{[%clk 1:31:57]} 8. g5 {[%clk 1:32:01]} Nfd7 {[%clk 1:32:18]} 9. Be3
{[%clk 1:32:07]} Nc6 {[%clk 1:28:58]} 10. h4 {[%clk 1:30:46]} Qc7
{[%clk 1:24:26]} 11. Qd2 {[%clk 1:29:37]} b5 {[%clk 1:22:13]} 12. O-O-O
{[%clk 1:26:39]} Bb7 {[%clk 1:22:11]} 13. f3 {[%clk 1:23:58]} b4 {[%clk 1:15:25]}
14. Nce2 {[%clk 1:23:14]} Nde5 {[%clk 1:10:23]} 15. b3 {[%clk 1:19:47]} Rc8
{[%clk 1:05:47]} 16. Kb1 {[%clk 1:18:49]} Nxd4 {[%clk 0:46:21]} 17. Nxd4
{[%clk 1:18:13]} Qc3 {[%clk 0:44:39]} 18. Qe2 {[%clk 1:13:16]} Nd7
{[%clk 0:40:48]} 19. h5 {[%clk 1:05:55]} Qc7 {[%clk 0:38:49]} 20. Bh3
{[%clk 1:00:08]} Nf8 {[%clk 0:31:02]} 21. Qg2 {[%clk 0:52:01]} g6
{[%clk 0:25:07]} 22. Bg4 {[%clk 0:47:05]} Rg8 {[%clk 0:24:35]} 23. Rd2
{[%clk 0:39:06]} e5 {[%clk 0:20:38]} 24. Ne2 {[%clk 0:36:50]} Ne6
{[%clk 0:20:26]} 25. hxg6 {[%clk 0:30:38]} hxg6 {[%clk 0:20:39]} 26. Rh7
{[%clk 0:25:08]} Rd8 {[%clk 0:18:11]} 27. Bxe6 {[%clk 0:22:46]} fxe6
{[%clk 0:17:34]} 28. Qh3 {[%clk 0:21:38]} Qd7 {[%clk 0:14:42]} 29. Bc5
{[%clk 0:19:22]} Qc8 {[%clk 0:06:04]} 30. Rxe7+ {[%clk 0:18:25]} Kxe7
{[%clk 0:06:22]} 31. Qh7+ {[%clk 0:18:48]} Kf8 {[%clk 0:06:12]} 32. Rxd6
{[%clk 0:18:08]} 1-0

[Event "WYCC Open U12"]
[Site "Porto Carras"]
[Date "2015.11.01"]
[Round "7.5"]
[White "Turgut, Aydin"]
[Black "Haring, Filip"]
[Result "1-0"]
[BlackElo "2107"]
[WhiteElo "1884"]
[LiveChessVersion "1.4.6"]

1. e4 {[%clk 1:30:42]} c5 {[%clk 1:30:56]} 2. Nf3 {[%clk 1:30:45]} e6
{[%clk 1:31:23]} 3. d4 {[%clk 1:30:57]} cxd4 {[%clk 1:31:49]} 4. Nxd4
{[%clk 1:31:16]} Nc6 {[%clk 1:32:17]} 5. Nc3 {[%clk 1:30:45]} Qc7
{[%clk 1:31:55]} 6. Be2 {[%clk 1:29:48]} Nf6 {[%clk 1:32:07]} 7. O-O
{[%clk 1:28:53]} a6 {[%clk 1:32:17]} 8. Be3 {[%clk 1:26:33]} Be7 {[%clk 1:31:33]}
9. f4 {[%clk 1:24:43]} d6 {[%clk 1:31:45]} 10. Kh1 {[%clk 1:24:45]} O-O
{[%clk 1:32:01]} 11. Qe1 {[%clk 1:24:22]} Bd7 {[%clk 1:26:39]} 12. Qg3
{[%clk 1:23:03]} Kh8 {[%clk 1:25:36]} 13. Rae1 {[%clk 1:13:12]} b5
{[%clk 1:22:11]} 14. a3 {[%clk 1:09:18]} Rab8 {[%clk 1:17:43]} 15. Bd3
{[%clk 0:59:51]} e5 {[%clk 1:10:37]} 16. Nxc6 {[%clk 0:52:35]} Bxc6
{[%clk 1:08:41]} 17. fxe5 {[%clk 0:45:00]} dxe5 {[%clk 1:08:29]} 18. Rf5
{[%clk 0:38:10]} b4 {[%clk 1:01:15]} 19. Nd5 {[%clk 0:31:16]} Bxd5
{[%clk 1:00:32]} 20. exd5 {[%clk 0:30:43]} bxa3 {[%clk 0:47:55]} 21. bxa3
{[%clk 0:27:00]} Qd7 {[%clk 0:36:38]} 22. d6 {[%clk 0:14:56]} Qxd6
{[%clk 0:34:28]} 23. Rxe5 {[%clk 0:14:40]} Qxa3 {[%clk 0:32:51]} 24. Bc1
{[%clk 0:12:44]} Qc3 {[%clk 0:23:16]} 25. Rxe7 {[%clk 0:12:38]} Rb1
{[%clk 0:23:32]} 26. Bd2 {[%clk 0:09:32]} Rxe1+ {[%clk 0:23:19]} 27. Qxe1
{[%clk 0:09:32]} Qc5 {[%clk 0:22:57]} 28. Bb4 {[%clk 0:07:35]} Qb6
{[%clk 0:22:08]} 29. h3 {[%clk 0:06:22]} Rb8 {[%clk 0:21:33]} 30. Bc3
{[%clk 0:06:08]} Ng8 {[%clk 0:20:45]} 31. Rxf7 {[%clk 0:05:14]} 1-0

[Event "WYCC Open U12"]
[Site "Porto Carras"]
[Date "2015.11.01"]
[Round "7.6"]
[White "Liang, Awonder"]
[Black "Budisavljevic, Luka"]
[Result "1-0"]
[BlackElo "2093"]
[WhiteElo "2365"]
[LiveChessVersion "1.4.6"]

1. e4 {[%clk 1:30:59]} c5 {[%clk 1:30:45]} 2. Nf3 {[%clk 1:31:24]} e6
{[%clk 1:31:03]} 3. d4 {[%clk 1:31:40]} cxd4 {[%clk 1:31:19]} 4. Nxd4
{[%clk 1:32:06]} a6 {[%clk 1:31:35]} 5. Bd3 {[%clk 1:32:28]} Bc5 {[%clk 1:31:32]}
6. Nb3 {[%clk 1:32:34]} Ba7 {[%clk 1:31:42]} 7. O-O {[%clk 1:31:09]} Ne7
{[%clk 1:30:19]} 8. Qe2 {[%clk 1:30:29]} O-O {[%clk 1:29:08]} 9. Be3
{[%clk 1:28:19]} Nbc6 {[%clk 1:28:36]} 10. Nc3 {[%clk 1:27:05]} b5
{[%clk 1:23:50]} 11. a3 {[%clk 1:25:10]} Qc7 {[%clk 1:16:33]} 12. Kh1
{[%clk 1:23:43]} Bxe3 {[%clk 1:15:37]} 13. Qxe3 {[%clk 1:24:03]} Bb7
{[%clk 1:15:50]} 14. f4 {[%clk 1:21:03]} e5 {[%clk 1:07:04]} 15. Nd5
{[%clk 1:11:51]} Qd6 {[%clk 0:57:37]} 16. Nxe7+ {[%clk 0:58:57]} Qxe7
{[%clk 0:56:19]} 17. f5 {[%clk 0:58:50]} d6 {[%clk 0:44:12]} 18. f6
{[%clk 0:50:57]} gxf6 {[%clk 0:43:51]} 19. Qh6 {[%clk 0:49:35]} Bc8
{[%clk 0:42:59]} 20. Rxf6 {[%clk 0:47:04]} Be6 {[%clk 0:42:07]} 21. Nd2
{[%clk 0:45:09]} Nb8 {[%clk 0:36:19]} 22. Nf3 {[%clk 0:41:32]} Nd7
{[%clk 0:35:42]} 23. Ng5 {[%clk 0:41:42]} Nxf6 {[%clk 0:34:27]} 24. Rf1
{[%clk 0:42:05]} Rfe8 {[%clk 0:30:52]} 25. Rxf6 {[%clk 0:42:20]} Qa7
{[%clk 0:29:25]} 26. Nxh7 {[%clk 0:41:38]} Bf5 {[%clk 0:22:55]} 27. Rxf5
{[%clk 0:41:38]} f6 {[%clk 0:22:13]} 28. Nxf6+ {[%clk 0:42:01]} Kf7
{[%clk 0:22:37]} 29. Nd5+ {[%clk 0:42:26]} Kg8 {[%clk 0:22:58]} 30. Rg5+
{[%clk 0:42:51]} Kf7 {[%clk 0:23:21]} 31. Rg7+ {[%clk 0:43:14]} Kf8
{[%clk 0:23:44]} 32. Qh8# 1-0

[Event "WYCC Open U12"]
[Site "Porto Carras"]
[Date "2015.11.01"]
[Round "7.7"]
[White "Yang, Kevin S"]
[Black "Keymer, Vincent"]
[Result "1/2-1/2"]
[BlackElo "2347"]
[WhiteElo "1904"]
[LiveChessVersion "1.4.6"]

1. d4 {[%clk 1:30:58]} Nf6 {[%clk 1:30:57]} 2. c4 {[%clk 1:31:17]} e6
{[%clk 1:31:25]} 3. Nc3 {[%clk 1:31:36]} Bb4 {[%clk 1:31:52]} 4. Qc2
{[%clk 1:31:56]} O-O {[%clk 1:32:18]} 5. a3 {[%clk 1:32:19]} Bxc3+
{[%clk 1:32:45]} 6. Qxc3 {[%clk 1:32:41]} b6 {[%clk 1:33:14]} 7. Bg5
{[%clk 1:32:54]} Bb7 {[%clk 1:33:41]} 8. e3 {[%clk 1:33:10]} d6 {[%clk 1:32:09]}
9. Ne2 {[%clk 1:27:13]} Nbd7 {[%clk 1:30:52]} 10. Qc2 {[%clk 1:26:19]} e5
{[%clk 1:24:50]} 11. d5 {[%clk 1:20:17]} h6 {[%clk 1:24:05]} 12. Bh4
{[%clk 1:19:40]} b5 {[%clk 1:23:22]} 13. Bxf6 {[%clk 1:06:00]} Nxf6
{[%clk 1:23:18]} 14. Nc3 {[%clk 1:04:43]} bxc4 {[%clk 1:18:54]} 15. Bxc4
{[%clk 1:01:24]} c6 {[%clk 1:10:16]} 16. dxc6 {[%clk 0:53:15]} Bxc6
{[%clk 1:10:42]} 17. O-O {[%clk 0:52:59]} Qb6 {[%clk 1:07:42]} 18. Rfd1
{[%clk 0:50:44]} Rfd8 {[%clk 1:00:00]} 19. e4 {[%clk 0:42:08]} Rac8
{[%clk 0:57:05]} 20. Qe2 {[%clk 0:40:14]} a5 {[%clk 0:55:46]} 21. a4
{[%clk 0:35:10]} Qb4 {[%clk 0:46:19]} 22. Bd5 {[%clk 0:25:51]} Bd7
{[%clk 0:33:01]} 23. h3 {[%clk 0:23:58]} Rc5 {[%clk 0:29:41]} 24. Ra3
{[%clk 0:17:44]} Qb8 {[%clk 0:16:03]} 25. Rb3 {[%clk 0:14:12]} Qc8
{[%clk 0:16:23]} 26. Rb6 {[%clk 0:13:35]} Qc7 {[%clk 0:11:13]} 27. Rxd6
{[%clk 0:10:36]} Nxd5 {[%clk 0:09:58]} 28. R1xd5 {[%clk 0:10:14]} Rxd5
{[%clk 0:10:14]} 29. Rxd5 {[%clk 0:10:24]} Be6 {[%clk 0:09:05]} 30. Rxd8+
{[%clk 0:09:05]} Qxd8 {[%clk 0:09:32]} 31. Qb5 {[%clk 0:08:41]} Qc7
{[%clk 0:09:39]} 32. Kh2 {[%clk 0:08:27]} Kh7 {[%clk 0:08:44]} 33. Nd5
{[%clk 0:03:59]} Qc2 {[%clk 0:07:48]} 34. Qxa5 {[%clk 0:03:52]} Qxe4
{[%clk 0:07:31]} 35. Ne3 {[%clk 0:03:40]} Bb3 {[%clk 0:07:22]} 36. Qc7
{[%clk 0:03:14]} Qf4+ {[%clk 0:06:30]} 37. Kg1 {[%clk 0:03:23]} Bxa4
{[%clk 0:06:44]} 38. Nd5 {[%clk 0:03:11]} Qf5 {[%clk 0:06:00]} 39. Ne3
{[%clk 0:02:34]} Qe6 {[%clk 0:04:17]} 40. Qa5 {[%clk 0:31:54]} Bb3
{[%clk 0:34:27]} 41. Kh2 {[%clk 0:25:46]} h5 {[%clk 0:30:34]} 42. Qb4
{[%clk 0:20:55]} g6 {[%clk 0:27:17]} 43. g4 {[%clk 0:17:36]} hxg4
{[%clk 0:24:58]} 44. hxg4 {[%clk 0:16:16]} e4 {[%clk 0:19:51]} 45. Qc3
{[%clk 0:12:32]} Qd6+ {[%clk 0:15:33]} 1/2-1/2

[Event "WYCC Open U12"]
[Site "Porto Carras"]
[Date "2015.11.01"]
[Round "7.8"]
[White "Yu, Kaifeng"]
[Black "Subelj, Jan"]
[Result "1/2-1/2"]
[BlackElo "2026"]
[WhiteElo "2130"]
[LiveChessVersion "1.4.6"]

1. d4 {[%clk 1:30:57]} Nf6 {[%clk 1:30:00]} 2. c4 {[%clk 1:31:23]} e6
{[%clk 1:29:59]} 3. Nf3 {[%clk 1:31:49]} d5 {[%clk 1:30:00]} 4. Nc3
{[%clk 1:32:15]} Be7 {[%clk 1:30:00]} 5. Bf4 {[%clk 1:32:39]} Nbd7
{[%clk 1:28:28]} 6. e3 {[%clk 1:33:03]} O-O {[%clk 1:28:52]} 7. a3
{[%clk 1:32:59]} c5 {[%clk 1:28:57]} 8. cxd5 {[%clk 1:32:22]} Nxd5
{[%clk 1:28:47]} 9. Nxd5 {[%clk 1:32:20]} exd5 {[%clk 1:29:09]} 10. dxc5
{[%clk 1:32:28]} Nxc5 {[%clk 1:29:31]} 11. Be2 {[%clk 1:32:22]} Bf6
{[%clk 1:29:08]} 12. Be5 {[%clk 1:29:11]} Bxe5 {[%clk 1:23:55]} 13. Nxe5
{[%clk 1:29:36]} Qe7 {[%clk 1:23:45]} 14. Nf3 {[%clk 1:27:43]} Be6
{[%clk 1:19:44]} 15. O-O {[%clk 1:25:56]} Rfd8 {[%clk 1:19:30]} 16. Nd4
{[%clk 1:25:20]} Rac8 {[%clk 1:18:52]} 17. Rc1 {[%clk 1:25:37]} a6
{[%clk 1:12:37]} 18. Bf3 {[%clk 1:22:15]} Ne4 {[%clk 1:10:23]} 19. Qe2
{[%clk 1:20:32]} g6 {[%clk 1:01:17]} 20. Rfd1 {[%clk 1:14:57]} Ng5
{[%clk 0:57:14]} 21. Qe1 {[%clk 1:04:38]} Nxf3+ {[%clk 0:55:09]} 22. Nxf3
{[%clk 1:04:34]} Rc4 {[%clk 0:51:40]} 23. Qd2 {[%clk 0:47:56]} Rdc8
{[%clk 0:51:20]} 24. Ne5 {[%clk 0:48:02]} R4c5 {[%clk 0:49:51]} 25. Nd3
{[%clk 0:39:35]} Rc4 {[%clk 0:49:09]} 26. Rxc4 {[%clk 0:39:57]} dxc4
{[%clk 0:49:00]} 27. Nf4 {[%clk 0:40:24]} c3 {[%clk 0:41:19]} 28. bxc3
{[%clk 0:40:44]} Bb3 {[%clk 0:40:59]} 29. Ra1 {[%clk 0:40:36]} Rd8
{[%clk 0:38:15]} 30. Qb2 {[%clk 0:38:24]} Bc4 {[%clk 0:38:23]} 31. h3
{[%clk 0:33:36]} b5 {[%clk 0:34:34]} 32. a4 {[%clk 0:32:22]} bxa4
{[%clk 0:32:34]} 33. Rxa4 {[%clk 0:32:42]} Rd1+ {[%clk 0:32:53]} 34. Kh2
{[%clk 0:33:08]} Qc7 {[%clk 0:32:45]} 35. Qc2 {[%clk 0:21:21]} Rf1
{[%clk 0:32:53]} 36. h4 {[%clk 0:18:47]} h6 {[%clk 0:32:50]} 37. Qe4
{[%clk 0:14:41]} Bb5 {[%clk 0:32:42]} 38. Rd4 {[%clk 0:14:34]} g5
{[%clk 0:32:17]} 39. hxg5 {[%clk 0:12:01]} hxg5 {[%clk 0:32:14]} 40. Qa8+
{[%clk 0:42:15]} Kg7 {[%clk 1:01:41]} 41. Qd5 {[%clk 0:42:08]} gxf4
{[%clk 1:01:36]} 42. Qg5+ {[%clk 0:42:28]} Kf8 {[%clk 1:01:57]} 43. Qh6+
{[%clk 0:37:02]} Ke8 {[%clk 0:56:31]} 44. Qh8+ {[%clk 0:37:01]} Ke7
{[%clk 0:56:38]} 45. Qh4+ {[%clk 0:36:31]} Ke6 {[%clk 0:56:06]} 46. Qh6+
{[%clk 0:36:50]} Ke7 {[%clk 0:54:01]} 47. Qg5+ {[%clk 0:36:37]} 1/2-1/2

[Event "WYCC Open U12"]
[Site "Porto Carras"]
[Date "2015.11.01"]
[Round "7.9"]
[White "Gines Esteo, Pedro Antonio"]
[Black "Spyropoulos, Nikolaos"]
[Result "1-0"]
[BlackElo "2023"]
[WhiteElo "2065"]
[LiveChessVersion "1.4.6"]

1. d4 {[%clk 1:30:55]} Nf6 {[%clk 1:30:55]} 2. Nf3 {[%clk 1:31:16]} e6
{[%clk 1:31:20]} 3. e3 {[%clk 1:31:33]} b6 {[%clk 1:31:41]} 4. Bd3
{[%clk 1:31:46]} Bb7 {[%clk 1:32:04]} 5. c4 {[%clk 1:32:02]} Bb4+
{[%clk 1:32:14]} 6. Nbd2 {[%clk 1:32:16]} Ne4 {[%clk 1:26:39]} 7. a3
{[%clk 1:17:32]} Bxd2+ {[%clk 1:25:56]} 8. Nxd2 {[%clk 1:16:32]} Nxd2
{[%clk 1:20:43]} 9. Bxd2 {[%clk 1:13:16]} f5 {[%clk 1:17:26]} 10. Qe2
{[%clk 1:05:53]} O-O {[%clk 1:13:04]} 11. O-O-O {[%clk 1:04:32]} d5
{[%clk 1:05:03]} 12. Rhg1 {[%clk 0:58:12]} dxc4 {[%clk 0:50:27]} 13. Bc2
{[%clk 0:52:16]} Nd7 {[%clk 0:41:59]} 14. g4 {[%clk 0:51:50]} f4 {[%clk 0:35:48]}
15. exf4 {[%clk 0:42:21]} Bd5 {[%clk 0:34:39]} 16. g5 {[%clk 0:42:25]} Qe8
{[%clk 0:31:55]} 17. Qg4 {[%clk 0:41:16]} c5 {[%clk 0:28:52]} 18. Bc3
{[%clk 0:23:26]} cxd4 {[%clk 0:21:35]} 19. Bxd4 {[%clk 0:23:22]} g6
{[%clk 0:21:02]} 20. h4 {[%clk 0:21:52]} Qf7 {[%clk 0:20:49]} 21. h5
{[%clk 0:18:20]} Qxf4+ {[%clk 0:19:22]} 22. Qxf4 {[%clk 0:18:38]} Rxf4
{[%clk 0:19:48]} 23. hxg6 {[%clk 0:17:44]} hxg6 {[%clk 0:20:01]} 24. Bxg6
{[%clk 0:16:58]} Nc5 {[%clk 0:19:57]} 25. Be5 {[%clk 0:14:26]} Rh4
{[%clk 0:17:07]} 26. f4 {[%clk 0:14:12]} Nd3+ {[%clk 0:15:48]} 27. Bxd3
{[%clk 0:13:33]} cxd3 {[%clk 0:16:14]} 28. Rxd3 {[%clk 0:13:22]} Rc8+
{[%clk 0:16:36]} 29. Bc3 {[%clk 0:13:12]} Rf8 {[%clk 0:15:42]} 30. Be5
{[%clk 0:09:41]} Rc8+ {[%clk 0:16:02]} 31. Rc3 {[%clk 0:10:03]} Rxc3+
{[%clk 0:15:43]} 32. bxc3 {[%clk 0:10:03]} Rh2 {[%clk 0:09:00]} 33. Rg3
{[%clk 0:04:47]} Bc4 {[%clk 0:07:21]} 34. g6 {[%clk 0:04:45]} Bd5
{[%clk 0:04:02]} 35. g7 {[%clk 0:03:26]} Be4 {[%clk 0:04:11]} 36. Rg5
{[%clk 0:02:35]} Bf5 {[%clk 0:03:56]} 37. Bd4 {[%clk 0:02:28]} Rh4
{[%clk 0:02:37]} 38. Be5 {[%clk 0:02:05]} Rh2 {[%clk 0:03:00]} 39. Bd4
{[%clk 0:01:33]} Rh4 {[%clk 0:03:08]} 40. Rg2 {[%clk 0:31:37]} Rh3
{[%clk 0:30:31]} 41. Kb2 {[%clk 0:27:43]} Rh1 {[%clk 0:25:18]} 42. a4
{[%clk 0:26:57]} Bd3 {[%clk 0:22:19]} 43. Rd2 {[%clk 0:24:50]} Rh3
{[%clk 0:20:54]} 44. Ka3 {[%clk 0:22:42]} Be4 {[%clk 0:12:28]} 45. Be5
{[%clk 0:18:52]} Bd5 {[%clk 0:11:54]} 46. f5 {[%clk 0:16:24]} Rh5
{[%clk 0:10:02]} 47. c4 {[%clk 0:16:19]} Rxf5 {[%clk 0:08:17]} 48. cxd5
{[%clk 0:16:33]} Rxe5 {[%clk 0:08:34]} 49. d6 {[%clk 0:16:57]} 1-0

[Event "WYCC Open U12"]
[Site "Porto Carras"]
[Date "2015.11.01"]
[Round "7.11"]
[White "Wang, Wesley"]
[Black "Hua, Eugene"]
[Result "0-1"]
[BlackElo "1996"]
[WhiteElo "2032"]
[LiveChessVersion "1.4.6"]

1. e4 {[%clk 1:30:58]} c5 {[%clk 1:30:52]} 2. Nf3 {[%clk 1:31:22]} e6
{[%clk 1:31:00]} 3. d3 {[%clk 1:31:45]} Nc6 {[%clk 1:30:58]} 4. g3
{[%clk 1:32:09]} Qc7 {[%clk 1:28:41]} 5. Bg2 {[%clk 1:32:06]} g6 {[%clk 1:28:17]}
6. O-O {[%clk 1:32:06]} Bg7 {[%clk 1:28:21]} 7. c3 {[%clk 1:32:06]} e5
{[%clk 1:27:52]} 8. Nbd2 {[%clk 1:30:41]} Nge7 {[%clk 1:27:48]} 9. a4
{[%clk 1:30:32]} O-O {[%clk 1:23:17]} 10. Nc4 {[%clk 1:30:40]} d6
{[%clk 1:22:04]} 11. Be3 {[%clk 1:29:38]} h6 {[%clk 1:20:15]} 12. Qd2
{[%clk 1:29:27]} Kh7 {[%clk 1:20:07]} 13. b4 {[%clk 1:27:52]} cxb4
{[%clk 1:17:40]} 14. cxb4 {[%clk 1:28:13]} d5 {[%clk 1:16:25]} 15. exd5
{[%clk 1:26:41]} Nxd5 {[%clk 1:16:28]} 16. Bc5 {[%clk 1:26:34]} Rd8
{[%clk 1:16:30]} 17. Rab1 {[%clk 1:13:38]} b6 {[%clk 1:11:13]} 18. Be3
{[%clk 1:13:56]} e4 {[%clk 1:09:53]} 19. Ne1 {[%clk 1:04:52]} Be6
{[%clk 1:01:08]} 20. b5 {[%clk 0:59:59]} Nd4 {[%clk 0:50:43]} 21. Bxd4
{[%clk 0:56:32]} Bxd4 {[%clk 0:51:06]} 22. Rc1 {[%clk 0:55:36]} exd3
{[%clk 0:50:58]} 23. Nxd3 {[%clk 0:55:25]} Bc3 {[%clk 0:47:21]} 24. Bxd5
{[%clk 0:47:19]} Bxd2 {[%clk 0:46:57]} 25. Nxd2 {[%clk 0:47:43]} Qd6
{[%clk 0:45:04]} 26. Ne4 {[%clk 0:48:03]} Qe7 {[%clk 0:44:19]} 27. Bxa8
{[%clk 0:47:27]} Rxa8 {[%clk 0:44:37]} 28. Rfe1 {[%clk 0:46:42]} Bf5
{[%clk 0:41:31]} 29. Ne5 {[%clk 0:44:34]} Qb4 {[%clk 0:37:49]} 30. Nc3
{[%clk 0:41:24]} Re8 {[%clk 0:36:54]} 31. Re3 {[%clk 0:36:00]} Qb2
{[%clk 0:36:48]} 32. Rce1 {[%clk 0:34:56]} Rxe5 {[%clk 0:36:59]} 33. Rxe5
{[%clk 0:35:15]} Qxc3 {[%clk 0:37:20]} 34. Re7 {[%clk 0:35:35]} Kg7
{[%clk 0:37:43]} 35. Rd1 {[%clk 0:33:24]} Qf3 {[%clk 0:37:34]} 0-1

[Event "WYCC Open U12"]
[Site "Porto Carras"]
[Date "2015.11.01"]
[Round "7.12"]
[White "Henderson De La Fuente, Lance"]
[Black "Nogerbek, Kazybek"]
[Result "1-0"]
[BlackElo "1986"]
[WhiteElo "2180"]
[LiveChessVersion "1.4.6"]

1. e4 {[%clk 1:30:57]} e6 {[%clk 1:31:00]} 2. d4 {[%clk 1:31:12]} d5
{[%clk 1:31:29]} 3. Nd2 {[%clk 1:31:29]} Nc6 {[%clk 1:31:55]} 4. Ngf3
{[%clk 1:31:31]} Nf6 {[%clk 1:32:17]} 5. e5 {[%clk 1:31:21]} Nd7 {[%clk 1:32:46]}
6. c4 {[%clk 1:31:37]} dxc4 {[%clk 1:31:07]} 7. Nxc4 {[%clk 1:31:26]} Nb6
{[%clk 1:29:32]} 8. a3 {[%clk 1:31:30]} Be7 {[%clk 1:28:02]} 9. Bd3
{[%clk 1:25:03]} O-O {[%clk 1:25:58]} 10. O-O {[%clk 1:24:54]} Nd5
{[%clk 1:24:33]} 11. Qc2 {[%clk 1:23:15]} h6 {[%clk 1:16:55]} 12. Qe2
{[%clk 1:20:08]} Bd7 {[%clk 1:05:20]} 13. Bxh6 {[%clk 1:06:26]} gxh6
{[%clk 1:00:47]} 14. Qe4 {[%clk 1:06:36]} f5 {[%clk 1:00:52]} 15. exf6
{[%clk 1:06:50]} Nxf6 {[%clk 0:58:25]} 16. Qg6+ {[%clk 1:07:09]} Kh8
{[%clk 0:58:47]} 17. Qxh6+ {[%clk 1:07:31]} Kg8 {[%clk 0:59:11]} 18. Qg6+
{[%clk 0:55:29]} Kh8 {[%clk 0:59:26]} 19. Ng5 {[%clk 0:51:11]} Bd6
{[%clk 0:52:16]} 20. Qh6+ {[%clk 0:44:56]} Kg8 {[%clk 0:52:15]} 21. Bh7+
{[%clk 0:45:02]} Kh8 {[%clk 0:52:40]} 22. Bf5+ {[%clk 0:44:59]} Kg8
{[%clk 0:53:06]} 23. Nxe6 {[%clk 0:43:12]} Qe7 {[%clk 0:52:04]} 24. Rae1
{[%clk 0:42:01]} Qf7 {[%clk 0:50:16]} 25. Nxd6 {[%clk 0:41:48]} cxd6
{[%clk 0:50:40]} 26. Re3 {[%clk 0:41:07]} Nh7 {[%clk 0:45:46]} 27. Rh3
{[%clk 0:37:15]} 1-0